[Event "BL 0809 (Women)"]
[Site "Germany"]
[Date "2009.03.07"]
[Round "8.6"]
[White "Phenn, Colette"]
[Black "Loesch, Yvonne"]
[Result "1-0"]
[WhiteElo "1618"]
[BlackElo "2028"]
[PlyCount "123"]
[EventDate "2008.11.08"]
[EventType "team-tourn"]
[EventRounds "11"]
[EventCountry "GER"]
[SourceTitle "EXT 2010"]
[Source "ChessBase"]
[SourceDate "2010.11.25"]
[SourceVersion "1"]
[SourceVersionDate "2010.11.25"]
[SourceQuality "1"]
[WhiteTeam "Rodewisch (W)"]
[BlackTeam "Lehrte (W)"]
[WhiteTeamCountry "GER"]
[BlackTeamCountry "GER"]

1. d4 e6 2. c4 c5 3. d5 exd5 4. cxd5 d6 5. e4 g6 6. Bd2 Bg7 7. Bc3 Nf6 8. Nd2 0-0 9. Qc2 a6 10. Ngf3 Re8 11. Be2 Bg4 12. h3 Bxf3 13. gxf3 b5 14. Nf1 Nbd7 15. Ng3 Rc8 16. f4 b4 17. Bd2 a5 18. 0-0 Nb6 19. Bb5 Re7 20. Rac1 c4 21. Qb1 Rec7 22. Be3 Nfd7 23. Bc6 a4 24. f5 Qh4 25. Kg2 Rb8 26. fxg6 hxg6 27. f4 Qh8 28. Rf2 c3 29. b3 a3 30. Qd3 Nc8 31. Ne2 Qh4 32. Bxd7 Rxd7 33. Nd4 Na7 34. Nc6 Nxc6 35. dxc6 Rc7 36. Qxd6 Rbc8 37. Qxb4 Rxc6 38. Qxa3 g5 39. Qe7 Rh6 40. Qd7 Rcc6 41. Qg4 Qxg4+ 42. hxg4 gxf4 43. Bxf4 Rhe6 44. Kf3 Rc8 45. Re2 Rec6 46. Rcc2 Rd8 47. e5 Bf8 48. Ke4 Kg7 49. Rh2 Be7 50. Rh3 Rdc8 51. g5 Bb4 52. Kf5 Rd8 53. Rch2 c2 54. Rh7+ Kf8 55. Rh8+ Ke7 56. Rxd8 Kxd8 57. Bc1 Ke7 58. Rh6 Rc3 59. Ke4 Bc5 60. Rc6 Kd7 61. Rf6 Ke7 62. Rf3 1-0

[Event "BL 0809 (Women)"]
[Site "Germany"]
[Date "2008.11.09"]
[Round "2.6"]
[White "Loesch, Yvonne"]
[Black "Glaser, Andrea"]
[Result "1/2-1/2"]
[WhiteElo "2028"]
[BlackElo "1995"]
[PlyCount "47"]
[EventDate "2008.11.08"]
[EventType "team-tourn"]
[EventRounds "11"]
[EventCountry "GER"]
[SourceTitle "EXT 2010"]
[Source "ChessBase"]
[SourceDate "2010.11.25"]
[SourceVersion "1"]
[SourceVersionDate "2010.11.25"]
[SourceQuality "1"]
[WhiteTeam "Lehrte (W)"]
[BlackTeam "Halle Volksbank (W)"]
[WhiteTeamCountry "GER"]
[BlackTeamCountry "GER"]

1. d4 Nf6 2. c4 e6 3. g3 d5 4. Bg2 c6 5. Nf3 Nbd7 6. Qc2 Bd6 7. 0-0 0-0 8. Nc3 dxc4 9. Nd2 Nb6 10. Rd1 Qc7 11. Nce4 Nxe4 12. Bxe4 f5 13. Bg2 c5 14. e4 cxd4 15. exf5 exf5 16. Nxc4 Nxc4 17. Bd5+ Kh8 18. Qxc4 Qxc4 19. Bxc4 Be5 20. b3 Rd8 21. Bg5 Rf8 22. Be7 Re8 23. Bc5 Rd8 24. Rd3 1/2-1/2

[Event "GER-chT Federal Cup (Women)"]
[Site "Braunfels"]
[Date "2006.05.05"]
[Round "2"]
[White "Barpiyeva, Gulsana"]
[Black "Loesch, Yvonne"]
[Result "1-0"]
[WhiteElo "2110"]
[BlackElo "2050"]
[PlyCount "81"]
[EventDate "2006.05.04"]
[EventType "team-swiss"]
[EventRounds "5"]
[EventCountry "GER"]
[SourceTitle "EXT 2010"]
[Source "ChessBase"]
[SourceDate "2010.11.25"]
[SourceVersion "1"]
[SourceVersionDate "2010.11.25"]
[SourceQuality "1"]

1. c4 c5 2. Nc3 g6 3. g3 Bg7 4. Bg2 Nc6 5. e3 d6 6. Nge2 h5 7. d4 h4 8. d5 Ne5 9. f4 h3 10. Be4 Ng4 11. Bf3 N8h6 12. e4 f5 13. 0-0 Nf7 14. Re1 Bd7 15. Rb1 Qc8 16. Qd3 g5 17. Bxg4 fxg4 18. Be3 gxf4 19. gxf4 g3 20. Nxg3 Bg4 21. b4 b6 22. bxc5 bxc5 23. Rb5 Bd7 24. Rb3 Rb8 25. Rxb8 Qxb8 26. Rb1 Qc8 27. Nd1 0-0 28. Nf2 Qa6 29. Qe2 Qa3 30. Rb3 Qa5 31. Rb7 Qa4 32. Nh5 Bh8 33. Ng4 Kh7 34. Ng3 Rg8 35. Nf2 Nh6 36. f5 Be5 37. Qh5 Bg7 38. Qg6+ Kh8 39. Bxh6 Qxa2 40. Bxg7+ Rxg7 41. Rb8+ 1-0

[Event "GER-chT2 (Women) 0405"]
[Site "Germany"]
[Date "2004.12.05"]
[Round "4"]
[White "Loesch, Yvonne"]
[Black "Haack, Karin"]
[Result "0-1"]
[WhiteElo "2069"]
[BlackElo "1884"]
[PlyCount "72"]
[EventDate "2004.11.06"]
[EventType "team"]
[EventRounds "9"]
[EventCountry "GER"]
[SourceTitle "EXT 2006"]
[Source "ChessBase"]
[SourceDate "2005.11.24"]
[SourceVersion "1"]
[SourceVersionDate "2005.11.24"]
[SourceQuality "1"]

1. d4 Nf6 2. c4 g6 3. g3 Bg7 4. Bg2 d5 5. Nc3 c6 6. Nf3 0-0 7. 0-0 Re8 8. cxd5 Nxd5 9. e4 Nxc3 10. bxc3 c5 11. Be3 Qa5 12. Qb3 Nd7 13. Rac1 b6 14. Rfd1 Bb7 15. Nd2 cxd4 16. cxd4 Rac8 17. Nc4 Qh5 18. a4 Red8 19. Bf4 g5 20. Be3 Qg6 21. a5 h6 22. axb6 axb6 23. d5 Ba6 24. Nxb6 Rb8 25. Rc6 Qh5 26. Rb1 Ne5 27. Rcc1 Bd3 28. Ra1 Be2 29. Bd4 Ng4 30. h3 Bxd4 31. hxg4 Qxg4 32. Qb4 Bxb6 33. Qxe7 Qxg3 34. Qf6 Rd6 35. Qf5 Bg4 36. Kf1 Qd3+ 0-1

[Event "BL2 Gr3 0304 (Women)"]
[Site "Germany"]
[Date "2003.10.25"]
[Round "1.1"]
[White "Loesch, Yvonne"]
[Black "Kucypera, Anna"]
[Result "0-1"]
[WhiteElo "2065"]
[BlackElo "2236"]
[PlyCount "88"]
[EventDate "2003.10.25"]
[EventType "team-tourn"]
[EventRounds "7"]
[EventCountry "GER"]
[SourceTitle "EXT 2006"]
[Source "ChessBase"]
[SourceDate "2005.11.24"]
[SourceVersion "1"]
[SourceVersionDate "2005.11.24"]
[SourceQuality "1"]
[WhiteTeam "Lehrte (W)"]
[BlackTeam "Guben (W)"]
[WhiteTeamCountry "GER"]
[BlackTeamCountry "GER"]

1. d4 Nf6 2. c4 g6 3. Nc3 Bg7 4. e4 d6 5. Be2 0-0 6. Nf3 e5 7. Be3 Nc6 8. d5 Ne7 9. 0-0 Ng4 10. Bd2 f5 11. Ne1 Nf6 12. f3 f4 13. Rc1 g5 14. c5 dxc5 15. Nd3 Nd7 16. b4 cxb4 17. Nb5 c6 18. d6 a5 19. Nc7 Rb8 20. Be1 Rf6 21. Qb3+ Kh8 22. Ne6 Rxe6 23. Qxe6 Ng6 24. Qc4 Ndf8 25. Rd1 Be6 26. Qc2 Nd7 27. Bf2 b6 28. Rd2 Rc8 29. Nc1 b5 30. Bc5 Nxc5 31. Qxc5 Nf8 32. d7 Nxd7 33. Qd6 Qb6+ 34. Kh1 Nf8 35. Rfd1 Bf6 36. Nb3 a4 37. Qxb4 axb3 38. axb3 Bg8 39. Qd6 Bg7 40. Qe7 Ng6 41. Qxg5 c5 42. Rd6 Rc6 43. Rd7 Bf6 44. Qh5 c4 0-1

[Event "BL2 Sued 0102 (Women)"]
[Site "Germany"]
[Date "2001.12.01"]
[Round "3.1"]
[White "Goihl, Mona"]
[Black "Loesch, Yvonne"]
[Result "1/2-1/2"]
[WhiteElo "2134"]
[BlackElo "2075"]
[PlyCount "110"]
[EventDate "2001.10.27"]
[EventType "team-tourn"]
[EventRounds "7"]
[EventCountry "GER"]
[SourceTitle "EXT 2003"]
[Source "ChessBase"]
[SourceDate "2002.11.25"]
[SourceVersion "1"]
[SourceVersionDate "2002.11.25"]
[SourceQuality "1"]
[WhiteTeam "Wattenscheid"]
[BlackTeam "Oesede Georgsmarienhuette"]
[WhiteTeamCountry "GER"]
[BlackTeamCountry "GER"]

1. e4 c5 2. Nf3 g6 3. c3 Bg7 4. d4 cxd4 5. cxd4 d5 6. exd5 Nf6 7. Bb5+ Nbd7 8. d6 exd6 9. Qe2+ Qe7 10. Qxe7+ Kxe7 11. 0-0 Re8 12. Bf4 d5 13. Nc3 a6 14. Ba4 b5 15. Bb3 Nb6 16. Rfe1+ Be6 17. Ng5 Rac8 18. Be5 Kd7 19. a4 b4 20. a5 bxc3 21. axb6 cxb2 22. Rab1 Kc6 23. Ba4+ Kxb6 24. Rxb2+ Ka7 25. Bxe8 Nxe8 26. Bxg7 Nxg7 27. h3 Rc7 28. Nxh7 Nf5 29. Rd2 a5 30. Ra1 Ka6 31. Rda2 Nxd4 32. Rxa5+ Kb6 33. Ra6+ Kb5 34. Ra8 Nb3 35. Rb8+ Kc4 36. Rb1 Nc5 37. Rc1+ Kd4 38. Ng5 Ke5 39. Nxe6 fxe6 40. Kf1 Na6 41. Rxc7 Nxc7 42. Ke2 Ke4 43. Rg8 Kf5 44. Ke3 e5 45. Rf8+ Ke6 46. g4 Ke7 47. Rb8 Ne6 48. h4 Nf4 49. Kf3 Kf7 50. Rb6 Ke7 51. Rb4 Ne6 52. Ke3 Kf6 53. Rb6 Kf7 54. Rd6 Nf4 55. h5 gxh5 1/2-1/2

[Event "Karl Mala Memorial op 03rd"]
[Site "Griesheim"]
[Date "1999.08.07"]
[Round "5"]
[White "Loesch, Yvonne"]
[Black "Roosen, Holger"]
[Result "0-1"]
[WhiteElo "2055"]
[BlackElo "2188"]
[PlyCount "64"]
[EventDate "1999.08.??"]
[EventType "swiss"]
[EventRounds "7"]
[EventCountry "GER"]
[SourceTitle "EXT 2000"]
[Source "ChessBase"]
[SourceDate "1999.11.16"]
[SourceVersion "1"]
[SourceVersionDate "1999.11.16"]
[SourceQuality "1"]

1. d4 Nf6 2. c4 g6 3. Nc3 Bg7 4. e4 0-0 5. Nf3 c5 6. d5 b5 7. cxb5 a6 8. bxa6 Qa5 9. Bd3 Bxa6 10. 0-0 d6 11. Qe2 Bxd3 12. Qxd3 Nbd7 13. Re1 Ng4 14. Re2 Nde5 15. Nxe5 Nxe5 16. Qh3 Qa6 17. Rc2 Rfb8 18. Bg5 Ra7 19. Rd1 c4 20. f4 Nd3 21. f5 Nxb2 22. Rb1 Rab7 23. fxg6 hxg6 24. Bxe7 Qa7+ 25. Kf1 Bxc3 26. Qxc3 Nd3 27. Rxb7 Rxb7 28. Qxc4 Qe3 29. Qc8+ Kh7 30. Qh3+ Qxh3 31. gxh3 Rxe7 32. Rc4 Nc5 0-1

[Event "DDMM (Women)"]
[Site "Weilburg"]
[Date "1999.??.??"]
[Round "4.4"]
[White "Freter, Anke"]
[Black "Loesch, Yvonne"]
[Result "0-1"]
[WhiteElo "1825"]
[BlackElo "2105"]
[PlyCount "60"]
[EventDate "1999.??.??"]
[EventType "team"]
[EventRounds "5"]
[EventCountry "GER"]
[SourceTitle "EXT 2000"]
[Source "ChessBase"]
[SourceDate "1999.11.16"]
[SourceVersion "1"]
[SourceVersionDate "1999.11.16"]
[SourceQuality "1"]

1. e4 e6 2. Qe2 c5 3. f4 Nc6 4. Nf3 Nf6 5. g3 Be7 6. Bg2 0-0 7. 0-0 Qc7 8. d3 b5 9. Nc3 b4 10. Nd1 Ba6 11. Nf2 Rac8 12. g4 d6 13. g5 Nd7 14. f5 exf5 15. Nh4 Nd4 16. Qh5 g6 17. Qd1 Qd8 18. exf5 Bxg5 19. fxg6 fxg6 20. Nxg6 hxg6 21. Qg4 Bxc1 22. Qxg6+ Kh8 23. Qh5+ Kg7 24. Raxc1 Ne5 25. Ne4 Rh8 26. Qd1 Qh4 27. h3 Rcd8 28. c3 Ne6 29. Nf2 Nf4 30. Qa4 Qg3 0-1

[Event "DDMM (Women)"]
[Site "Weilburg"]
[Date "1999.??.??"]
[Round "5.4"]
[White "Loesch, Yvonne"]
[Black "Bade, Heidrun"]
[Result "0-1"]
[WhiteElo "2105"]
[BlackElo "2010"]
[PlyCount "94"]
[EventDate "1999.??.??"]
[EventType "team"]
[EventRounds "5"]
[EventCountry "GER"]
[SourceTitle "EXT 2000"]
[Source "ChessBase"]
[SourceDate "1999.11.16"]
[SourceVersion "1"]
[SourceVersionDate "1999.11.16"]
[SourceQuality "1"]

1. d4 d5 2. c4 e6 3. Nc3 Nf6 4. cxd5 exd5 5. Bg5 Be7 6. e3 h6 7. Bh4 0-0 8. Qc2 Be6 9. Bd3 Nbd7 10. Nge2 Re8 11. 0-0 Rc8 12. f3 c5 13. Kh1 Nf8 14. Rad1 a6 15. Bf2 b5 16. Qd2 c4 17. Bc2 Bb4 18. e4 dxe4 19. fxe4 Qc7 20. Bg3 Qb7 21. Rxf6 gxf6 22. Qxh6 Ng6 23. Rf1 Bf8 24. Qh5 Bg7 25. Nf4 Nf8 26. Bh4 Qd7 27. Nxe6 Qxe6 28. Nd5 Nd7 29. Nf4 Qc6 30. Qg4 Kf8 31. Nh5 Bh8 32. e5 fxe5 33. Bh7 f6 34. Bf5 Re7 35. dxe5 Nxe5 36. Qf4 Rcc7 37. Qh6+ Bg7 38. Nxg7 Rxg7 39. Rf2 Nf7 40. Qxf6 Qd5 41. Be6 Qd1+ 42. Rf1 Qd2 43. Rg1 Qh6 44. Qxh6 Nxh6 45. Be1 Ke7 46. Bd5 Nf5 47. Bc3 Ng3+ 0-1

[Event "GER-ch (Women)"]
[Site "Chemnitz"]
[Date "1999.??.??"]
[Round "2"]
[White "Loesch, Yvonne"]
[Black "Eckhardt, Claudia"]
[Result "1/2-1/2"]
[WhiteElo "2106"]
[BlackElo "2154"]
[PlyCount "67"]
[EventDate "1999.??.??"]
[EventType "swiss"]
[EventRounds "9"]
[EventCountry "GER"]
[SourceTitle "EXT 2004"]
[Source "ChessBase"]
[SourceDate "2003.11.25"]
[SourceVersion "1"]
[SourceVersionDate "2003.11.25"]
[SourceQuality "1"]

1. d4 Nf6 2. c4 e6 3. g3 Be7 4. Bg2 c5 5. d5 exd5 6. cxd5 d6 7. Nc3 0-0 8. Nf3 Na6 9. 0-0 Rb8 10. a4 Nb4 11. Nd2 b6 12. Nc4 Ne8 13. Bf4 Ba6 14. b3 Bg5 15. Bxg5 Qxg5 16. f4 Qe7 17. e4 g6 18. Re1 Ng7 19. Qd2 Rfd8 20. Rad1 Qf8 21. g4 Rb7 22. e5 Bxc4 23. bxc4 Re7 24. Ne4 Ne8 25. Qe2 Kh8 26. exd6 Nxd6 27. Qb2+ Qg7 28. Qxg7+ Kxg7 29. Nxd6 Rxe1+ 30. Rxe1 Rxd6 31. Re7 a5 32. g5 Nd3 33. Re2 Nxf4 34. Re3 1/2-1/2

[Event "BL2 West 9899 (Women)"]
[Site "Germany"]
[Date "1999.??.??"]
[Round "?"]
[White "Loesch, Yvonne"]
[Black "Ivannikova, Svetlana"]
[Result "1/2-1/2"]
[WhiteElo "2106"]
[BlackElo "2245"]
[PlyCount "75"]
[EventDate "1998.10.??"]
[EventType "team-tourn"]
[EventRounds "7"]
[EventCountry "GER"]
[SourceTitle "EXT 2000"]
[Source "ChessBase"]
[SourceDate "1999.11.16"]
[SourceVersion "1"]
[SourceVersionDate "1999.11.16"]
[SourceQuality "1"]

1. d4 d5 2. c4 e6 3. Nc3 Nf6 4. cxd5 exd5 5. Bg5 c6 6. e3 Be7 7. Bd3 Bg4 8. Qc2 Nbd7 9. h3 Be6 10. f4 h6 11. Bh4 Nb6 12. Nf3 Nh5 13. Bf2 Bd6 14. 0-0-0 Qc7 15. Ne5 Qe7 16. Kb1 0-0-0 17. Nb5 Kb8 18. Nxd6 Rxd6 19. Be1 Qc7 20. Rc1 Rdd8 21. Qb3 Nf6 22. f5 Bc8 23. Bg3 Ka8 24. Qa3 Nc4 25. Bxc4 dxc4 26. Rxc4 Bxf5+ 27. Ka1 a6 28. Rhc1 Be4 29. Be1 Rc8 30. Ba5 b6 31. Bb4 Qb7 32. Bd6 Bxg2 33. Ra4 Ka7 34. Nxf7 Rhg8 35. h4 Bd5 36. Ne5 Ne4 37. Bb4 g5 38. hxg5 1/2-1/2

[Event "Passau op 6th"]
[Site "Passau"]
[Date "1998.04.12"]
[Round "6"]
[White "Loesch, Yvonne"]
[Black "Webersberger, Johann"]
[Result "1/2-1/2"]
[WhiteElo "2105"]
[BlackElo "1749"]
[PlyCount "81"]
[EventDate "1998.04.10"]
[EventType "swiss"]
[EventRounds "7"]
[EventCountry "GER"]
[SourceTitle "EXT 1999"]
[Source "ChessBase"]
[SourceDate "1998.11.16"]
[SourceVersion "1"]
[SourceVersionDate "1998.11.16"]
[SourceQuality "1"]

1. Nf3 Nf6 2. c4 g6 3. Nc3 Bg7 4. e4 d6 5. d4 0-0 6. Be2 e5 7. 0-0 Nc6 8. d5 Ne7 9. b4 a5 10. Ba3 Nd7 11. bxa5 Rxa5 12. Bb4 Ra8 13. a4 f5 14. Nd2 h5 15. Nb3 Nf6 16. Qc2 fxe4 17. Nxe4 Bf5 18. Bd3 Nxe4 19. Bxe4 Qd7 20. a5 Bh6 21. f3 Bxe4 22. fxe4 Rxf1+ 23. Rxf1 Rf8 24. Rxf8+ Kxf8 25. Bd2 Ng8 26. Bxh6+ Nxh6 27. c5 Qb5 28. cxd6 cxd6 29. h3 Nf7 30. Kf2 b6 31. axb6 Qxb6+ 32. Kg3 Ke7 33. Nd2 Qe3+ 34. Kh2 Qb6 35. Nf3 Qd8 36. Nh4 Kf6 37. Qc3 Kg7 38. Nf3 Qf6 39. Qc4 Qf4+ 40. Kh1 Qf6 41. Kh2 1/2-1/2

[Event "BL2 West 9899 (Women)"]
[Site "Germany"]
[Date "1998.??.??"]
[Round "?"]
[White "Loesch, Yvonne"]
[Black "Jap Tjoen San, Linda"]
[Result "0-1"]
[WhiteElo "2106"]
[BlackElo "2211"]
[PlyCount "84"]
[EventDate "1998.10.??"]
[EventType "team-tourn"]
[EventRounds "7"]
[EventCountry "GER"]
[SourceTitle "EXT 2000"]
[Source "ChessBase"]
[SourceDate "1999.11.16"]
[SourceVersion "1"]
[SourceVersionDate "1999.11.16"]
[SourceQuality "1"]

1. d4 Nf6 2. c4 g6 3. Nc3 d5 4. cxd5 Nxd5 5. e4 Nxc3 6. bxc3 Bg7 7. Bc4 c5 8. Nf3 0-0 9. Be3 Bg4 10. e5 e6 11. h3 Bxf3 12. Qxf3 Qc7 13. Rc1 Nd7 14. 0-0 Nb6 15. Bb3 c4 16. Bc2 Nd5 17. Bd2 Rab8 18. Be4 Rfd8 19. Bg5 Rd7 20. Rb1 h6 21. Bxd5 Rxd5 22. Bf6 Bf8 23. Qe3 b5 24. Rb2 Rb6 25. Rfb1 Kh7 26. f4 Qd7 27. Bh4 a5 28. Be1 Qb7 29. Rc2 Rd7 30. Kh2 Qd5 31. Qe2 Rc7 32. g3 Be7 33. Qg2 Rcb7 34. Rcb2 Kg7 35. Qf2 b4 36. cxb4 axb4 37. Qf1 Rb5 38. Rc2 c3 39. Rb3 Qxd4 40. Bf2 Qe4 41. Qc1 Rd7 42. a3 Rbd5 0-1